000 00459nam a2200181Ia 4500
001 1564
005 20260306143737.0
008 260306t2016||||xx |||||||||||||| ||spa||
041 _aESP
082 _a150.985
_bO61
100 _aOrbegoso Galarza, Arturo
_eAUT
245 0 _aPsicología peruana:
_blos prejuicios detrás de la ciencia
260 _c2016
300 _a165 páginas :
_c26 cm.
650 _aGEN
654 _aCPS
942 _cLIB
_dJUS
_fJUS
_2ddc
_n
999 _c1564
_d1564